000 01038nam a2200265 a 4500
008
020 _a0750629118 (pbk.)
049 _aMAIN
090 _aHF5415.13
100 1 _aHines, Tony.
245 1 0 _aManagement information for marketing and sales, 1996-97 :
_bCIM workbook: advanced certificate syllabus /
_cTony Hines.
260 _aOxford :
_bButterworth-Heinemann on behalf of the Chartered Institute of Marketing,
_c1996.
300 _a267 p. :
_bill. ;
_c30 cm.
440 4 _aThe marketing series.
650 _aMarketing
_xStudy and teaching.
650 0 _aMarketing
_xManagement
_xExaminations
_xStudy guides.
650 0 _aSales management
_xExaminations
_xStudy guides.
710 2 _aChartered Institute of Marketing.
740 _aCIM workbook, advanced certificate syllabus :
_bmanagement information for marketing and sales 1996-97.
907 _a.b1007403x
_b29-08-03
_c17-04-03
003
005 20230123133249.0
040 _cNUST
942 _cBOOKS
_kHF5415.13
999 _c145574
_d145574